Library Banner

Talaash = تلاش / (Record no. 22881)

MARC details
000 -LEADER
fixed length control field 00506nam a2200181Ia 4500
001 - CONTROL NUMBER
control field 22638
005 - DATE AND TIME OF LATEST TRANSACTION
control field 20241114112410.0
008 - FIXED-LENGTH DATA ELEMENTS--GENERAL INFORMATION
fixed length control field 140409s9999 xx 000 0 und d
020 ## - INTERNATIONAL STANDARD BOOK NUMBER
International Standard Book Number 969-503-075-0
040 ## - CATALOGING SOURCE
Transcribing agency PK-LaUMT
082 ## - DEWEY DECIMAL CLASSIFICATION NUMBER
Classification number 297.4
Item number MUM-T
100 ## - MAIN ENTRY--PERSONAL NAME
Personal name Mumtaz Mufti = ممتاز مفتی
245 ## - TITLE STATEMENT
Title Talaash = تلاش /
Statement of responsibility, etc by Mumtaz Mufti = ممتاز مفتی
260 ## - PUBLICATION, DISTRIBUTION, ETC. (IMPRINT)
Place of publication, distribution, etc Lahore,Pakistan:
Name of publisher, distributor, etc Al-Faisal Publisher and Traders,
Date of publication, distribution, etc 2001
300 ## - PHYSICAL DESCRIPTION
Extent 278 p.
546 ## - LANGUAGE NOTE
Language note EN
942 ## - ADDED ENTRY ELEMENTS (KOHA)
Koha item type Books
Holdings
Withdrawn status Lost status Damaged status Home library Current library Date acquired Full call number Barcode Date last seen Price effective from Koha item type Copy number
      UMT Main Campus UMT Main Campus 2014-04-09 297.4 MUM-T 25396 2021-11-25 2014-04-23 Books  
      UMT Main Campus UMT Main Campus 2024-11-14 297.4 MUM-T 147930 2024-11-14 2024-11-14 Books C.2